LEADER 00798naa a2200217 u 4500 001 000000100508 003 CaOOAMICUS 005 20070226130203.0 008 051122s1976 it u000 u ita u 035 $a11069937 040 $aIAR$bita 100 1 $aCosi, Dario M.$0(OLS)http://pul/name/30232 245 10$aSalvatore e salvezza nei misteri di Attis /$cDario M. Cosi. 260 $a[Milano :$bVita e pensiero],$c[1976] 300 $aS. 42-71 ;$c25 cm 650 4$aAttis (dio)$xCulto.$0(OLS)http://pul/subject/32273 730 0 $aAevum$g[Spogli].$0(OLS)http://pul/title/11692 773 0 $aAevum ;.$k50 (1976) 773 0 $tAevum$w()8026 996 $6245$aSalvatore e salvezza nei misteri di Attis$9(OLS)http://pul/title/127406 996 $6260$a[Milano :$bVita e pensiero]$9(OLS)http://pul/publisher/79155 LEADER 01281nam a2200265 a 4500 001 000000166881 003 CaOOAMICUS 005 20180327115716.0 008 180327s2017 it m 000 0 eng r 032 $aLibriCat 040 $aPUL$bita 100 1 $aChuruliyil Abraham, Manoj.$0(OLS)http://pul/name/107639 245 10$aFraternal life in community in religious Institutes: $ba historical-canonical study in the light of the post-code developments /$cManoj Churuliyil Abraham. 260 $aRoma :$b[s.n.],$c2017. 300 $a128 p. ;$c24 cm 502 $aTesi -- Università Pontificia Salesiana. Facoltà di Diritto Canonico. 2011. 504 $aBibliografia: p. [79]-116. 650 4$aVita comune (diritto canonico).$0(OLS)http://pul/subject/44137 710 2 $aPontificia Università Salesiana.$bFacoltà di diritto canonico.$0(OLS)http://pul/name/37258 850 $aPUL 852 $aPUL$W1$xDP1 Tesi Pon. Univ. Salesiana$y46$m2016 C 1$j173414$qTesi$B194394$CPULBib$Z2$F194394 $81 941 1 $a16 996 $6245$aFraternal life in community in religious Institutes: $ba historical-canonical study in the light of the post-code developments$9(OLS)http://pul/title/206661 996 $6260$aRoma :$b[s.n.]$9(OLS)http://pul/publisher/47958